| 000 | 00559nam a2200157 i 4500 | ||
|---|---|---|---|
| 001 | 95659 | ||
| 003 | ES-MaACL | ||
| 005 | 20230906181741.0 | ||
| 007 | t| | ||
| 008 | 050602s1958 sp ||||1| spa d | ||
| 100 | 1 |
_aLlorca Pillet, Juan. _972860 |
|
| 245 | 1 | 0 |
_aEstudio histórico-artístico sobre la Colegiata de San Nicolás de Bari de Alicante _b: premio del Excmo. Ayuntamiento de Alicante / _cJuan Llorca Pillet. |
| 260 |
_aAlicante : _b[s.n.], _c1958 ( _fGráfs. Gutemberg) |
||
| 300 |
_a35 p. : _bil. ; _c21 cm. |
||
| 852 |
_aES-MaACL _j2012-F-4 _bR.43821 |
||
| 999 |
_c95659 _d95659 |
||